000 01049nam0a22003011 4500
001 rc\4156300
005 20250611112641.0
021 _aRU
_b[52-34149]
035 _a(NLR Aleph) 008173433
090 _a7869143
_c7869143
100 _a20130415d1952 |||y0rusy50 ca
101 0 _arus
102 _aRU
105 _ay z |||||
200 1 _aПрививки против детских заразных болезней
210 _aМосква
_cИн-т сан. просвещения
_d1952
215 _a8 с.
_d16
225 1 _aСоветы родителям
300 _aПеред загл. авт.: проф. С.Н. Розанов
300 _aНа обл. авт. не указан
606 _aДетские болезни, инфекционные
_2psbo
606 _aПрививки предохранительные
_2psbo
700 1 _aРозанов
_bС.Н.
_gСергей Николаевич
801 0 _aRU
_bNLR
_gpsbo
801 1 _aRU
_bELAR
_2rusmarc
852 _aNLR
_jМд96 Г-2/924
942 _cBOOK
980 _aNB